000
00424nam a2200145Ia 4500
008
100122s9999 xx 000 0 und d
082
_b
27175
_a
823
100
_a
रांजणकर यशवंत
245
_a
चण्डिमठ
260
_b
विश्वमोहिनी प्रकाशन
_c
1978
300
_a
172
630
_a
चण्डिमठ
730
_a
चण्डिमठ
942
_c
BOOK
999
_c
413316
_d
413313